[Event "Quebec op Open"]
[Site "Montreal CAN"]
[Date "2010.07.24"]
[Round "1"]
[White "Libersan, Thierry"]
[Black "Cvetkovic, Simeon"]
[Result "1/2-1/2"]
[WhiteElo "2118"]
[BlackElo "1901"]
[PlyCount "81"]
[EventDate "2010.07.24"]
[EventType "swiss"]
[EventRounds "9"]
[EventCountry "CAN"]

1. e4 e6 2. d4 d5 3. Nc3 dxe4 4. Nxe4 Nd7 5. Nf3 Ngf6 6. Bg5 Be7 7. Bxf6 Nxf6
8. Nxf6+ Bxf6 9. Qd2 c5 10. O-O-O Qb6 11. c3 cxd4 12. Nxd4 Bxd4 13. Qxd4 Qxd4
14. Rxd4 Bd7 15. Bd3 Bc6 16. Rd1 Ke7 17. Be4 Bxe4 18. Rxe4 Rad8 19. Red4 Rxd4
20. Rxd4 Rd8 21. Rxd8 Kxd8 22. c4 Kd7 23. b4 Kd6 24. Kd2 f5 25. f4 e5 26. c5+
Kd5 27. fxe5 Kxe5 28. Ke3 g5 29. g3 Kd5 30. Kd3 h6 31. h4 a6 32. h5 a5 33. a3
axb4 34. axb4 f4 35. gxf4 gxf4 36. Ke2 Kc4 37. Kf3 Kxb4 38. Kxf4 Kxc5 39. Kf5
b5 40. Kg6 b4 41. Kxh6 1/2-1/2

[Event "Quebec op Open"]
[Site "Montreal CAN"]
[Date "2010.07.24"]
[Round "1"]
[White "Plante, Michel"]
[Black "Zhang, Zhiyuan"]
[Result "1-0"]
[WhiteElo "2105"]
[BlackElo "1893"]
[PlyCount "69"]
[EventDate "2010.07.24"]
[EventType "swiss"]
[EventRounds "9"]
[EventCountry "CAN"]

1. d4 d5 2. Nf3 Nf6 3. e3 Bf5 4. c4 e6 5. Qb3 Qc8 6. Nc3 c6 7. Bd2 dxc4 8. Bxc4
Bd6 9. O-O O-O 10. Nh4 Bg6 11. Nxg6 hxg6 12. e4 e5 13. Rac1 Qg4 14. f3 Qh5 15.
d5 Bc5+ 16. Kh1 b5 17. Bd3 Bb6 18. a4 g5 19. axb5 cxb5 20. Bxb5 Nbd7 21. Ne2
Nc5 22. Qa3 a6 23. Bc4 g6 24. Ng3 Qh4 25. Be2 Kg7 26. Be1 Qh6 27. Rxc5 Rh8 28.
h3 Bxc5 29. Qxc5 Rac8 30. Qd6 Rhe8 31. Bc3 Rcd8 32. Qxa6 Qh4 33. Be1 Qf4 34.
Qd3 Rb8 35. b4 1-0

[Event "Quebec op Open"]
[Site "Montreal CAN"]
[Date "2010.07.24"]
[Round "1"]
[White "Ramaswamy, Kishor"]
[Black "Frappier, Clement"]
[Result "1-0"]
[WhiteElo "2178"]
[BlackElo "1972"]
[PlyCount "53"]
[EventDate "2010.07.24"]
[EventType "swiss"]
[EventRounds "9"]
[EventCountry "CAN"]

1. d4 d5 2. Nf3 c6 3. Bf4 Nf6 4. e3 Bf5 5. c4 e6 6. Nc3 Bd6 7. Ne5 Qe7 8. c5
Bxe5 9. Bxe5 Qd8 10. b4 O-O 11. Be2 Nbd7 12. g4 Nxe5 13. dxe5 Ne4 14. gxf5 Nxc3
15. Qd3 Nxe2 16. Kxe2 exf5 17. Qxf5 Qh4 18. f4 a5 19. b5 cxb5 20. Rag1 g6 21.
Rg4 Qe7 22. h4 Qxc5 23. h5 Ra6 24. hxg6 fxg6 25. Qd7 Rf7 26. Qd8+ Kg7 27. Rxh7+
1-0

[Event "Quebec op Open"]
[Site "Montreal CAN"]
[Date "2010.07.24"]
[Round "1"]
[White "Robichaud, Louis"]
[Black "Lemieux, Serge"]
[Result "1-0"]
[WhiteElo "2025"]
[BlackElo "1455"]
[PlyCount "97"]
[EventDate "2010.07.24"]
[EventType "swiss"]
[EventRounds "9"]
[EventCountry "CAN"]

1. e4 e6 2. d3 d5 3. Nd2 Nf6 4. Ngf3 Nc6 5. g3 Bc5 6. e5 Nd7 7. Nb3 Be7 8. Qe2
a5 9. a4 b6 10. Bh3 Ba6 11. O-O O-O 12. Bd2 Re8 13. Rfe1 Nc5 14. Nbd4 Nxd4 15.
Nxd4 Ne4 16. Be3 Ng5 17. Bg2 c5 18. Nc6 Qd7 19. Nxe7+ Qxe7 20. h4 Ne4 21. Qd1
f5 22. dxe4 dxe4 23. f3 Rad8 24. Qc1 Rd5 25. Bf4 exf3 26. Bxf3 Rd4 27. Qe3 Bb7
28. c3 Rd7 29. Bg5 Qf7 30. Bxb7 Rxb7 31. Rad1 h6 32. Bf4 Qe7 33. Rd6 Kf7 34.
Red1 Rc8 35. Qf3 Kg8 36. Qd3 Rcc7 37. Qd2 Kh7 38. Kf2 Kg6 39. Qe2 c4 40. Be3 b5
41. Bb6 bxa4 42. Bxc7 Qxc7 43. Rxe6+ Kh7 44. Qh5 Rxb2+ 45. Kf1 Rb8 46. Qg6+ Kg8
47. Red6 Rf8 48. R1d5 f4 49. Rd7 1-0

[Event "Quebec op Open"]
[Site "Montreal CAN"]
[Date "2010.07.24"]
[Round "1"]
[White "Sasseville, Jean"]
[Black "Hajiyev, Elshad"]
[Result "1-0"]
[WhiteElo "1963"]
[BlackElo "2121"]
[PlyCount "100"]
[EventDate "2010.07.24"]
[EventType "swiss"]
[EventRounds "9"]
[EventCountry "CAN"]

1. Nf3 d5 2. d4 Nf6 3. c4 e6 4. g3 c6 5. Bg2 Bb4+ 6. Bd2 Bd6 7. O-O Ne4 8. Bf4
Bxf4 9. gxf4 Nd7 10. Ne5 Qh4 11. e3 Nxe5 12. fxe5 f5 13. Nd2 O-O 14. f4 g5 15.
Qe2 g4 16. cxd5 cxd5 17. Bxe4 fxe4 18. Rac1 Rf7 19. Rf2 Bd7 20. Nf1 Raf8 21.
Ng3 h5 22. Qf1 Kh7 23. Rc7 Qd8 24. Rfc2 h4 25. Nh5 Kg6 26. Nf6 Rxf6 27. exf6
Bc6 28. Rg7+ Kxf6 29. Rxg4 Ke7 30. Qe1 Rh8 31. Rxh4 Kd6 32. Rxh8 Qxh8 33. Rg2
a6 34. Qg3 Bb5 35. f5+ Kc6 36. fxe6 Qf6 37. h4 Qf1+ 38. Kh2 Kb6 39. Rf2 Qd1 40.
b3 Qh5 41. a4 Be2 42. Qd6+ Ka5 43. Qc5+ b5 44. b4+ Kxa4 45. Qc2+ Kxb4 46. Qxe2
Qxh4+ 47. Kg1 Qh6 48. Qb2+ Ka5 49. Qa3+ Kb6 50. Qc5+ Kb7 1-0

[Event "Quebec op Open"]
[Site "Montreal CAN"]
[Date "2010.07.24"]
[Round "1"]
[White "Yao, Houji"]
[Black "Gagnon, Serge"]
[Result "0-1"]
[WhiteElo "1667"]
[BlackElo "2017"]
[PlyCount "128"]
[EventDate "2010.07.24"]
[EventType "swiss"]
[EventRounds "9"]
[EventCountry "CAN"]

1. g4 d5 2. Bg2 c6 3. h3 e5 4. d4 e4 5. c3 Bd6 6. e3 f5 7. gxf5 Bxf5 8. Qe2 Qg5
9. f3 Qh4+ 10. Kd1 Nf6 11. Nd2 Na6 12. fxe4 dxe4 13. Kc2 Bg6 14. Nc4 Bc7 15.
Qd2 O-O 16. Ne2 Nd5 17. Rf1 Rxf1 18. Bxf1 Rf8 19. Qd1 Rf2 20. Bd2 Qf6 21. Rc1
b5 22. Ne5 Bxe5 23. dxe5 Qxe5 24. Qe1 Qh2 25. Kd1 Bh5 26. b4 Rf3 27. Kc2 Nxe3+
28. Bxe3 Rxe3 29. Qd2 Rxe2 30. Bxe2 Qxe2 31. Re1 Qxd2+ 32. Kxd2 Bf3 33. Ke3 Kf7
34. Kf4 Kf6 35. h4 Nc7 36. a4 Nd5+ 37. Kg3 Nxc3 38. axb5 cxb5 39. Ra1 g6 40.
Rxa7 Nd5 41. Rxh7 Nxb4 42. Rb7 Be2 43. Rb6+ Kf5 44. Kf2 Bd3 45. Rd6 Ke5 46.
Rxg6 e3+ 47. Kxe3 Bxg6 48. Kd2 Kd4 49. Kc1 Nc6 50. Kb2 Ke4 51. Kb3 Kf4 52. Kc3
Kg4 53. h5 Kxh5 54. Kb2 Kg4 55. Kc1 Kf4 56. Kb2 Ke4 57. Kb1 Kd4+ 58. Kb2 Kc4
59. Ka2 Kc3 60. Ka1 b4 61. Ka2 b3+ 62. Ka3 b2 63. Ka4 b1=R 64. Ka3 Ra1# 0-1

[Event "Quebec op Open"]
[Site "Montreal CAN"]
[Date "2010.07.24"]
[Round "1"]
[White "Zhu, Hong Rui"]
[Black "Lachance, Steve"]
[Result "1-0"]
[WhiteElo "1885"]
[BlackElo "2097"]
[PlyCount "57"]
[EventDate "2010.07.24"]
[EventType "swiss"]
[EventRounds "9"]
[EventCountry "CAN"]

1. e4 e6 2. d4 d5 3. e5 c5 4. c3 Nc6 5. Nf3 Bd7 6. a3 c4 7. Nbd2 Na5 8. Be2 Qc7
9. O-O f6 10. Re1 O-O-O 11. Bf1 Nh6 12. a4 Nf7 13. Qc2 Nc6 14. b3 cxb3 15. Qxb3
fxe5 16. Nxe5 Nfxe5 17. dxe5 Nxe5 18. c4 d4 19. Rb1 Nc6 20. Ne4 h6 21. c5 e5
22. Bd2 Bf5 23. Bd3 Bxe4 24. Bxe4 Re8 25. Rec1 Qd7 26. Bf5 Qxf5 27. Qxb7+ Kd8
28. Qxc6 Qc8 29. Ba5+ 1-0

[Event "Quebec op Open"]
[Site "Montreal CAN"]
[Date "2010.07.25"]
[Round "2"]
[White "Auger, Bertrand"]
[Black "Dagenais, Benoit"]
[Result "1-0"]
[WhiteElo "1950"]
[BlackElo "1548"]
[PlyCount "73"]
[EventDate "2010.07.24"]
[EventType "swiss"]
[EventRounds "9"]
[EventCountry "CAN"]

1. Nf3 Nf6 2. g3 g6 3. b4 Bg7 4. Bb2 d5 5. Bg2 O-O 6. d3 c6 7. O-O Bf5 8. Nbd2
Qc8 9. Re1 Bh3 10. Bh1 a6 11. c4 Rd8 12. Qc2 b5 13. cxd5 cxd5 14. Rac1 Nbd7 15.
Qb1 Qb7 16. Ng5 Bg4 17. h3 h6 18. Nxf7 Kxf7 19. hxg4 Nxg4 20. Bxg7 Kxg7 21.
Qb2+ e5 22. Nb3 Rf8 23. Bf3 h5 24. Bxg4 hxg4 25. Nc5 Qb6 26. e3 Nxc5 27. Qxe5+
Qf6 28. Qxf6+ Rxf6 29. Rxc5 Rf5 30. Rc7+ Kf6 31. Rec1 Rh5 32. R1c6+ Kg5 33. Rg7
Rh6 34. Rd7 Rf8 35. Rxd5+ Rf5 36. Rxf5+ Kxf5 37. Rxa6 1-0

[Event "Quebec op Open"]
[Site "Montreal CAN"]
[Date "2010.07.25"]
[Round "2"]
[White "Berube, Antoine"]
[Black "Larochelle, Martial"]
[Result "1/2-1/2"]
[WhiteElo "2093"]
[BlackElo "2208"]
[PlyCount "127"]
[EventDate "2010.07.24"]
[EventType "swiss"]
[EventRounds "9"]
[EventCountry "CAN"]

1. d4 Nf6 2. c4 e6 3. Nc3 Bb4 4. Nf3 b6 5. Bg5 h6 6. Bh4 g5 7. Bg3 Ne4 8. Qc2
Bb7 9. e3 Bxc3+ 10. bxc3 d6 11. Bd3 f5 12. d5 Na6 13. Bxe4 fxe4 14. Qxe4 Qf6
15. Qd4 Rf8 16. Nd2 O-O-O 17. O-O Qxd4 18. exd4 exd5 19. cxd5 Bxd5 20. Rfe1 Kd7
21. Nf1 Rde8 22. Ne3 Bg8 23. h4 Nb8 24. a3 Nc6 25. Ng4 Rxe1+ 26. Rxe1 h5 27.
Nh6 gxh4 28. Bxh4 Be6 29. Bg5 Nd8 30. f3 Nf7 31. Nxf7 Rxf7 32. Kh2 Rf5 33. Bc1
c5 34. Re4 cxd4 35. Rxd4 Rb5 36. Bf4 d5 37. c4 Rc5 38. cxd5 Rxd5 39. Rxd5+ Bxd5
40. Kg3 Ke6 41. Kh4 Kf5 42. Bb8 Kg6 43. Bxa7 b5 44. Bb6 Bc4 45. Bd8 Bf1 46. Kg3
Kf5 47. Kf2 Bc4 48. Ke3 Bf1 49. Kf2 Bc4 50. Bc7 Bd3 51. Ke3 Bf1 52. g3 Bc4 53.
Kf2 Bd5 54. Bd8 Bc6 55. Ke3 Bd5 56. f4 Bc4 57. Kd4 Bf1 58. Kd5 Bc4+ 59. Kc5 Bd3
60. Kd4 Bf1 61. Kd5 Bc4+ 62. Kd6 Bf1 63. Kc5 Bd3 64. Kd4 1/2-1/2

[Event "Quebec op Open"]
[Site "Montreal CAN"]
[Date "2010.07.25"]
[Round "2"]
[White "Carrier, Claude"]
[Black "Le Duin, Thierry"]
[Result "0-1"]
[WhiteElo "1939"]
[BlackElo "2002"]
[PlyCount "84"]
[EventDate "2010.07.24"]
[EventType "swiss"]
[EventRounds "9"]
[EventCountry "CAN"]

1. e4 d5 2. exd5 Nf6 3. Bb5+ Bd7 4. Be2 Bf5 5. d4 Nxd5 6. Nf3 e6 7. a3 Be7 8.
O-O O-O 9. c4 Nb6 10. Nc3 Bf6 11. Bf4 Nc6 12. Nb5 Rc8 13. Ne5 Bxe5 14. dxe5 Qh4
15. Bg3 Qg5 16. f4 Qe7 17. Bf2 Rfd8 18. Qe1 Rd7 19. Bf3 Bd3 20. Bxc6 bxc6 21.
Nxa7 Ra8 22. Nxc6 Qf8 23. Qc3 Bxf1 24. Rxf1 Ra6 25. b4 Qa8 26. Na5 Qe4 27. b5
Ra8 28. Bxb6 cxb6 29. Nc6 Rd3 30. Qc2 Qe3+ 31. Kh1 Rdxa3 32. h3 Ra1 33. Rxa1
Rxa1+ 34. Kh2 Qxf4+ 35. g3 Qf1 36. Qg2 Qxg2+ 37. Kxg2 Rc1 38. Ne7+ Kf8 39. Nc8
Rxc4 40. Nxb6 Rb4 41. Nd7+ Ke8 42. Nc5 Rxb5 0-1

[Event "Quebec op Open"]
[Site "Montreal CAN"]
[Date "2010.07.25"]
[Round "2"]
[White "Deschamps, Richard"]
[Black "Leutschaft, Martin"]
[Result "0-1"]
[WhiteElo "2008"]
[BlackElo "2133"]
[PlyCount "76"]
[EventDate "2010.07.24"]
[EventType "swiss"]
[EventRounds "9"]
[EventCountry "CAN"]

1. d4 Nf6 2. c4 Nc6 3. Nf3 e6 4. Bg5 h6 5. Bf4 Bb4+ 6. Nbd2 g5 7. a3 gxf4 8.
axb4 Nxb4 9. g3 fxg3 10. hxg3 b6 11. Qb3 c5 12. e4 Bb7 13. Rh4 h5 14. Bh3 d6
15. e5 dxe5 16. dxe5 Nd7 17. Ne4 Bxe4 18. Rxe4 Qc7 19. Re2 O-O-O 20. Qe3 a5 21.
Bg2 h4 22. gxh4 Rdg8 23. Kf1 Rg4 24. b3 Nc6 25. Rd1 Rhg8 26. Bh3 R4g7 27. Ree1
Ndxe5 28. Nxe5 Rg1+ 29. Ke2 Rxe1+ 30. Kxe1 Qxe5 31. Qxe5 Nxe5 32. Ke2 Rh8 33.
Rd5 Ng6 34. Rg5 Nf4+ 35. Kf3 Nxh3 36. Rg4 f5 37. Rg6 Rxh4 38. Kg3 Rg4+ 0-1

[Event "Quebec op Open"]
[Site "Montreal CAN"]
[Date "2010.07.25"]
[Round "2"]
[White "Dumont, Felix"]
[Black "Acosta, Mariano"]
[Result "1/2-1/2"]
[WhiteElo "2070"]
[BlackElo "2261"]
[PlyCount "125"]
[EventDate "2010.07.24"]
[EventType "swiss"]
[EventRounds "9"]
[EventCountry "CAN"]

1. e4 d6 2. d4 Nf6 3. Nc3 c6 4. f4 Qa5 5. Bd2 e5 6. fxe5 dxe5 7. dxe5 Ng4 8.
Be2 Nxe5 9. Nf3 Nxf3+ 10. Bxf3 Bc5 11. Nd5 Qd8 12. Be3 Bxe3 13. Nxe3 O-O 14.
Qxd8 Rxd8 15. Ke2 Be6 16. Rhd1 Nd7 17. b3 Ne5 18. Rxd8+ Rxd8 19. Rd1 Rxd1 20.
Nxd1 Kf8 21. Ke3 Ke7 22. Kd4 Kd6 23. c4 b6 24. Ne3 a5 25. Be2 g6 26. g3 h5 27.
Bd1 f6 28. Be2 Bg4 29. Nxg4 hxg4 30. a3 g5 31. b4 axb4 32. axb4 Nf3+ 33. Bxf3
gxf3 34. Ke3 g4 35. h3 gxh3 36. Kxf3 Ke5 37. g4 h2 38. Kg2 Kxe4 39. Kxh2 Kd4
40. Kg3 Kxc4 41. Kf4 Kxb4 42. Kf5 c5 43. Kxf6 c4 44. g5 c3 45. g6 c2 46. g7
c1=Q 47. g8=Q Qc3+ 48. Kf5 b5 49. Qg4+ Kb3 50. Qg1 Qd3+ 51. Ke5 b4 52. Qg2 Qc2
53. Qg4 Ka3 54. Kd5 b3 55. Qg7 b2 56. Qe7+ Kb3 57. Qb7+ Ka3 58. Qe7+ Kb3 59.
Qb7+ Ka2 60. Qa6+ Kb1 61. Qf1+ Ka2 62. Qa6+ Kb3 63. Qb7+ 1/2-1/2

[Event "Quebec op Open"]
[Site "Montreal CAN"]
[Date "2010.07.25"]
[Round "2"]
[White "Enkh-Amar, Galbadrakh"]
[Black "Sasseville, Jean"]
[Result "1-0"]
[WhiteElo "1938"]
[BlackElo "2146"]
[PlyCount "54"]
[EventDate "2010.07.24"]
[EventType "swiss"]
[EventRounds "9"]
[EventCountry "CAN"]

1. e4 c5 2. Nf3 e6 3. d4 cxd4 4. Nxd4 Nc6 5. Nxc6 bxc6 6. Bd3 Nf6 7. O-O d5 8.
e5 Nd7 9. Re1 f5 10. exf6 Qxf6 11. c4 Bb4 12. Bd2 Bxd2 13. Nxd2 O-O 14. Nf3 Bb7
15. Qc2 g6 16. cxd5 exd5 17. b4 a5 18. Rab1 axb4 19. Rxb4 Ba6 20. Bxa6 Rxa6 21.
Rb7 Rd8 22. h4 c5 23. Qe2 d4 24. Rxd7 Rxd7 25. Qe8+ Qf8 26. Qxd7 Rd6 27. Qb5
Rd8 1-0

[Event "Quebec op Open"]
[Site "Montreal CAN"]
[Date "2010.07.25"]
[Round "2"]
[White "Gagnon, Serge"]
[Black "Luksza, Arkadiusz"]
[Result "1-0"]
[WhiteElo "2072"]
[BlackElo "2195"]
[PlyCount "37"]
[EventDate "2010.07.24"]
[EventType "swiss"]
[EventRounds "9"]
[EventCountry "CAN"]

1. d4 e6 2. c4 d5 3. Nc3 c6 4. cxd5 exd5 5. Nf3 Nf6 6. Bg5 Be7 7. e3 Bf5 8. Bd3
Bxd3 9. Qxd3 Na6 10. O-O O-O 11. Ne5 Ne4 12. Nxc6 bxc6 13. Bxe7 Qxe7 14. Qxa6
Qd7 15. Nxe4 dxe4 16. Rac1 Rfc8 17. Rc5 Rab8 18. b3 Rb6 19. Qc4 1-0

[Event "Quebec op Open"]
[Site "Montreal CAN"]
[Date "2010.07.25"]
[Round "2"]
[White "Gilbert, Erick"]
[Black "Libersan, Thierry"]
[Result "0-1"]
[WhiteElo "1863"]
[BlackElo "2118"]
[PlyCount "48"]
[EventDate "2010.07.24"]
[EventType "swiss"]
[EventRounds "9"]
[EventCountry "CAN"]

1. e4 c5 2. Nf3 e6 3. d4 cxd4 4. Nxd4 Nc6 5. Nc3 Qc7 6. Be3 a6 7. Be2 b5 8. a3
Bb7 9. Qd2 Nf6 10. f3 b4 11. axb4 Bxb4 12. Nb3 d5 13. Bc5 dxe4 14. Bxb4 Nxb4
15. O-O exf3 16. Bxf3 Bxf3 17. Rxf3 O-O 18. Raf1 Nbd5 19. Rg3 Qe5 20. Rg5 Qc7
21. Rxg7+ Kxg7 22. Qg5+ Kh8 23. Rxf6 Nxc3 24. bxc3 Qxc3 0-1

[Event "Quebec op Open"]
[Site "Montreal CAN"]
[Date "2010.07.25"]
[Round "2"]
[White "Keane-McCarney, Eamon"]
[Black "Pepin, Christian"]
[Result "0-1"]
[WhiteElo "1608"]
[BlackElo "1964"]
[PlyCount "76"]
[EventDate "2010.07.24"]
[EventType "swiss"]
[EventRounds "9"]
[EventCountry "CAN"]

1. e4 e6 2. d4 d5 3. Nc3 Nf6 4. Bg5 Bb4 5. e5 h6 6. exf6 hxg5 7. fxg7 Rg8 8. a3
Ba5 9. Qh5 Qf6 10. Nf3 Qxg7 11. Be2 Nd7 12. g4 Nf6 13. Qh3 Rh8 14. Qg2 Ne4 15.
b4 Bb6 16. Nxe4 dxe4 17. Nd2 Qxd4 18. Ra2 e3 19. fxe3 Qc3 20. e4 Bd7 21. Bd3
O-O-O 22. Kd1 Ba4 23. Kc1 Rxd3 24. Kd1 Be3 25. Kc1 Rxd2 26. Qxd2 Qxd2+ 27. Kb1
Rxh2 28. Rxh2 Qxh2 29. Rb2 Bd4 30. c3 Qh1+ 31. Ka2 Bxc3 32. b5 Bxb2 33. Kxb2
Qf3 34. b6 Qb3+ 35. Ka1 Qc3+ 36. Kb1 Bb3 37. bxa7 Qc2+ 38. Ka1 Qa2# 0-1

[Event "Quebec op Open"]
[Site "Montreal CAN"]
[Date "2010.07.25"]
[Round "2"]
[White "MacKinnon, Keith"]
[Black "Poulin, Mathieu"]
[Result "1/2-1/2"]
[WhiteElo "2280"]
[BlackElo "2078"]
[PlyCount "25"]
[EventDate "2010.07.24"]
[EventType "swiss"]
[EventRounds "9"]
[EventCountry "CAN"]

1. e4 c6 2. d4 d5 3. e5 Bf5 4. Nf3 e6 5. Be2 c5 6. Be3 Qb6 7. Nc3 a6 8. dxc5
Bxc5 9. Nd4 Ne7 10. O-O Qc7 11. f4 Bxd4 12. Bxd4 Nbc6 13. Rc1 1/2-1/2

[Event "Quebec op Open"]
[Site "Montreal CAN"]
[Date "2010.07.25"]
[Round "2"]
[White "Nicula, Marius"]
[Black "Giroux, Robert"]
[Result "1-0"]
[WhiteElo "2183"]
[BlackElo "2062"]
[PlyCount "101"]
[EventDate "2010.07.24"]
[EventType "swiss"]
[EventRounds "9"]
[EventCountry "CAN"]

1. e4 e5 2. Nf3 Nc6 3. Nc3 g6 4. d4 exd4 5. Nxd4 Bg7 6. Be3 Nge7 7. Qd2 O-O 8.
O-O-O d5 9. Nxc6 bxc6 10. Bh6 Bh8 11. Bxf8 Qxf8 12. exd5 cxd5 13. Nxd5 Nxd5 14.
Qxd5 Be6 15. Qa5 Rb8 16. c3 Bf6 17. Bd3 Kg7 18. f4 c5 19. Be4 Rb6 20. Qxa7 Qb8
21. Qxb8 Rxb8 22. Bd5 Bg4 23. Rd2 Bf5 24. a4 Bxc3 25. Re2 Bf6 26. b3 Bd3 27.
Rd2 Ba6 28. Kc2 Rb4 29. g3 h5 30. Re1 h4 31. Re4 hxg3 32. Rxb4 cxb4 33. hxg3
Bc3 34. Rh2 Be1 35. Rg2 Bc3 36. Bc4 Bc8 37. Re2 Bf5+ 38. Bd3 Bg4 39. Re8 Bf3
40. Be4 Bg4 41. Bd5 Bf5+ 42. Kc1 Kh6 43. a5 Kh5 44. Bxf7 Kg4 45. Rg8 Kxg3 46.
Bxg6 Bxg6 47. Rxg6+ Kxf4 48. a6 Bd4 49. Rd6 Be3+ 50. Kc2 Ke5 51. Rd7 1-0

[Event "Quebec op Open"]
[Site "Montreal CAN"]
[Date "2010.07.25"]
[Round "2"]
[White "Oussedik, Elias"]
[Black "Robichaud, Louis"]
[Result "0-1"]
[WhiteElo "2154"]
[BlackElo "2025"]
[PlyCount "92"]
[EventDate "2010.07.24"]
[EventType "swiss"]
[EventRounds "9"]
[EventCountry "CAN"]

1. e4 e5 2. Nf3 Nc6 3. Bc4 Bc5 4. c3 Nf6 5. d4 exd4 6. cxd4 Bb4+ 7. Nc3 Nxe4 8.
O-O Bxc3 9. d5 Bf6 10. Re1 Ne7 11. Rxe4 d6 12. Bg5 Bxg5 13. Nxg5 h6 14. Qc2
hxg5 15. Rae1 Be6 16. dxe6 f6 17. R4e3 Kf8 18. Rh3 Rxh3 19. gxh3 g6 20. Qb3 Kg7
21. Qxb7 Qb8 22. Qf3 c6 23. Qc3 d5 24. Qa3 Qc7 25. Bf1 Re8 26. Qc5 Qb6 27. Qd6
Nf5 28. Qa3 a5 29. Qa4 Re7 30. Qg4 Qxb2 31. Bd3 Qb4 32. Qxb4 axb4 33. Bxf5 gxf5
34. f4 d4 35. Kf2 c5 36. Rc1 Rc7 37. Rc4 Kf8 38. Ke2 Ke7 39. fxg5 fxg5 40. Rc1
Kxe6 41. Rg1 c4 42. Rxg5 Ra7 43. Rg6+ Ke5 44. Rc6 Rxa2+ 45. Kd1 c3 46. Rb6 d3
0-1

[Event "Quebec op Open"]
[Site "Montreal CAN"]
[Date "2010.07.25"]
[Round "2"]
[White "Poulin, Maurice"]
[Black "Ramaswamy, Kishor"]
[Result "1/2-1/2"]
[WhiteElo "2028"]
[BlackElo "2178"]
[PlyCount "67"]
[EventDate "2010.07.24"]
[EventType "swiss"]
[EventRounds "9"]
[EventCountry "CAN"]

1. e4 c6 2. Nc3 d5 3. Nf3 dxe4 4. Nxe4 Nf6 5. Nxf6+ gxf6 6. d4 Bg4 7. Be3 Nd7
8. h3 Bh5 9. Qd2 e6 10. O-O-O Bxf3 11. gxf3 Qc7 12. Kb1 O-O-O 13. c4 Be7 14.
Bd3 f5 15. c5 Rdg8 16. Bf4 Qd8 17. Qc2 Nb8 18. Qa4 a6 19. Bc4 Rg6 20. Rd3 Rhg8
21. Bxb8 Rg1+ 22. Rxg1 Rxg1+ 23. Kc2 Kxb8 24. Bxa6 Bg5 25. Rb3 Rc1+ 26. Kd3
Rd1+ 27. Ke2 Rxd4 28. Rxb7+ Ka8 29. Qxc6 Rd2+ 30. Kf1 Rxf2+ 31. Kxf2 Qd2+ 32.
Kf1 Qc1+ 33. Kg2 Qd2+ 34. Kf1 1/2-1/2

[Event "Quebec op Open"]
[Site "Montreal CAN"]
[Date "2010.07.25"]
[Round "2"]
[White "Vallieres, Mario"]
[Black "Abran, David"]
[Result "1-0"]
[WhiteElo "1992"]
[BlackElo "1798"]
[PlyCount "123"]
[EventDate "2010.07.24"]
[EventType "swiss"]
[EventRounds "9"]
[EventCountry "CAN"]

1. d4 Nf6 2. Nc3 d5 3. Bg5 Bf5 4. e3 e6 5. Bd3 Bb4 6. Nge2 Bg6 7. O-O Nbd7 8.
e4 dxe4 9. Nxe4 Be7 10. N4g3 O-O 11. Bxg6 hxg6 12. Re1 c5 13. c3 cxd4 14. Nxd4
Qa5 15. Nf3 Rfd8 16. Qe2 Rac8 17. h4 Nd5 18. c4 Bxg5 19. cxd5 Bf4 20. dxe6 fxe6
21. Qxe6+ Kh7 22. Qg4 Qc7 23. Ng5+ Bxg5 24. hxg5 Ne5 25. Qh3+ Kg8 26. Qe6+ Nf7
27. Qxg6 Rd6 28. Qf5 g6 29. Qg4 Rd5 30. Ne4 Rf5 31. Rad1 Kg7 32. Qg3 Qxg3 33.
Nxg3 Rfc5 34. Rd7 Rc1 35. Kf1 R8c7 36. Rxc7 Rxc7 37. f4 Rc4 38. Ne4 Nd8 39. g3
Rc2 40. Re2 Rc1+ 41. Kf2 Ne6 42. Nc3 Nc5 43. Rd2 a5 44. Kf3 a4 45. Ne2 Rc4 46.
g4 b5 47. f5 gxf5 48. gxf5 Ne4 49. Rd7+ Kg8 50. g6 Ng5+ 51. Ke3 Ne4 52. Rd4
Rxd4 53. Nxd4 Nd6 54. Kf4 Kg7 55. b3 Kf6 56. Kf3 axb3 57. axb3 b4 58. Ke3 Nb7
59. Ke4 Nc5+ 60. Kd5 Nd3 61. Kc4 Ne5+ 62. Kxb4 1-0

[Event "Quebec op Open"]
[Site "Montreal CAN"]
[Date "2010.07.25"]
[Round "2"]
[White "Zhang, Zhiyuan"]
[Black "Beaulieu, Pierre"]
[Result "1-0"]
[WhiteElo "1893"]
[BlackElo "1985"]
[PlyCount "71"]
[EventDate "2010.07.24"]
[EventType "swiss"]
[EventRounds "9"]
[EventCountry "CAN"]

1. e4 b6 2. d4 Bb7 3. Bd3 e6 4. Nf3 Nf6 5. Qe2 Be7 6. O-O d6 7. Rd1 Nbd7 8. e5
Nd5 9. a3 c6 10. c4 Nc7 11. exd6 Bxd6 12. Nc3 Nf6 13. Ne4 Be7 14. h3 O-O 15.
Nxf6+ Bxf6 16. Qe4 g6 17. Ne5 Rc8 18. Qf3 Ne8 19. Be4 Bg7 20. Nxc6 Bxc6 21.
Bxc6 Bxd4 22. Bh6 Ng7 23. Qe4 e5 24. Bd5 Qf6 25. Rd2 Rfe8 26. Bxg7 Kxg7 27. Rb1
Qe7 28. Re1 Qg5 29. Rde2 Red8 30. Kh1 Rc7 31. Rd1 f5 32. Qd3 f4 33. Qb3 Re7 34.
Rd3 Rf8 35. Kg1 Qf6 36. Qb4 1-0

[Event "Quebec op Open"]
[Site "Montreal CAN"]
[Date "2010.07.25"]
[Round "2"]
[White "Zhu, Hong Rui"]
[Black "Plante, Michel"]
[Result "1/2-1/2"]
[WhiteElo "1885"]
[BlackElo "2108"]
[PlyCount "72"]
[EventDate "2010.07.24"]
[EventType "swiss"]
[EventRounds "9"]
[EventCountry "CAN"]

1. e4 d6 2. d4 Nf6 3. Bd3 e5 4. c3 d5 5. dxe5 Nxe4 6. Bxe4 dxe4 7. Qxd8+ Kxd8
8. Nd2 Nc6 9. f4 exf3 10. Ngxf3 h6 11. Nb3 Bg4 12. Bf4 g5 13. Bg3 Bg7 14.
O-O-O+ Ke7 15. Rhe1 Rad8 16. Nbd4 Nxd4 17. cxd4 Rd5 18. Bf2 Rhd8 19. h3 Bxf3
20. gxf3 c5 21. dxc5 Rxd1+ 22. Rxd1 Rxd1+ 23. Kxd1 Bxe5 24. b4 Ke6 25. Ke2 Bc3
26. b5 Kd5 27. Kd3 Ba5 28. a4 Bd8 29. c6 bxc6 30. Bxa7 cxb5 31. axb5 f5 32. Bf2
Bc7 33. Ba7 Bf4 34. Bf2 Bb8 35. Bd4 h5 36. Be3 g4 1/2-1/2

[Event "Quebec op Open"]
[Site "Montreal CAN"]
[Date "2010.07.25"]
[Round "3"]
[White "Abran, David"]
[Black "Keane-McCarney, Eamon"]
[Result "1-0"]
[WhiteElo "1798"]
[BlackElo "1608"]
[PlyCount "94"]
[EventDate "2010.07.24"]
[EventType "swiss"]
[EventRounds "9"]
[EventCountry "CAN"]

1. d4 Nf6 2. c4 c5 3. e3 g6 4. Nf3 Bg7 5. Nc3 O-O 6. Be2 a6 7. O-O Qc7 8. b3 d6
9. Bb2 Nbd7 10. Rc1 h6 11. Qc2 e6 12. Rfd1 Re8 13. Nd2 b5 14. cxb5 Bb7 15. bxa6
Bxa6 16. Bxa6 Rxa6 17. Qd3 Qa7 18. Nb5 Qb6 19. Nc7 Rxa2 20. Nxe8 Nxe8 21. Nc4
Qa6 22. Ra1 d5 23. Rxa2 Qxa2 24. Ra1 dxc4 25. Rxa2 cxd3 26. Kf1 e5 27. Ra8 Kf8
28. dxc5 e4 29. c6 Ke7 30. Ba3+ Nd6 31. Ra7 Ke6 32. Rxd7 Bf8 33. Rd8 Be7 34. c7
Nc8 35. Bxe7 Nxe7 36. c8=Q+ Nxc8 37. Rxc8 Kf5 38. h3 h5 39. b4 g5 40. b5 g4 41.
Rc5+ Kg6 42. hxg4 hxg4 43. b6 f5 44. b7 f4 45. b8=Q d2 46. Qd6+ Kf7 47. Rc7+
Ke8 1-0

[Event "Quebec op Open"]
[Site "Montreal CAN"]
[Date "2010.07.25"]
[Round "3"]
[White "Beaulieu, Pierre"]
[Black "Sharpe, Michael"]
[Result "1-0"]
[WhiteElo "1985"]
[BlackElo "1726"]
[PlyCount "53"]
[EventDate "2010.07.24"]
[EventType "swiss"]
[EventRounds "9"]
[EventCountry "CAN"]

1. e4 c5 2. Nf3 d6 3. d4 cxd4 4. Nxd4 Nf6 5. Nc3 a6 6. a4 e5 7. Nde2 Be7 8. g3
Bg4 9. Bg2 O-O 10. h3 Be6 11. O-O Nc6 12. Nd5 Bxd5 13. exd5 Nb8 14. Be3 b6 15.
Qd3 Nbd7 16. b4 Qc7 17. Ra3 Rfc8 18. Rc3 Qb7 19. Rc6 b5 20. Ra1 bxa4 21. Rxa4
Qb5 22. Qxb5 axb5 23. Ra5 Rcb8 24. Nc3 Rxa5 25. bxa5 b4 26. Na4 Ra8 27. a6 1-0